000 00793nas a2200241 4500
001 BR7701371
003 BR-BrBNA
005 20231205083127.0
007 ta
008 230509b bl.|||p| |||| 00| 00por d
040 _aBR-BrBNA
_bpor
_cBiblioteca Nacional de Agricultura
041 _a(Pt)
072 _aL40
100 1 _aPaiva, O.M. de
100 1 _aBorelli, V.
245 1 _aContribuicao ao estudo da irrigacao arterial do no sinu-atrial em coelhos de raca Nova Zelandia
650 _aCOELHO
650 _aCORACAO
650 _aIRRIGACAO ARTERIAL
773 0 _tRevista da Faculdade de Medicina Veterinaria e Zootecnia da Universidade de Sao Paulo (Brazil)
_xISSN 0303-7525
_g(1976), v. 13(1) p. 49-59
_wBR7701371
909 _a202311
_bLúcia
_c55
_dLúcia Elande
942 _2AGRIS
_n0
_cANA
999 _c96595
_d96595